Miniaturas mexicanas /
Este edición especial de Financiera Comermex incluye algunos de los retratos que se hicieron en México en miniatura. Vienen algunas explicaciones con el objetivo de conocer un poco la historia de esta expresión artística.
Guardado en:
| Formato: | Libro |
|---|---|
| Idioma: | Español |
| Publicado: |
México :
Financiera Comermex,
1969, c1969
|
| Temas: | |
| Etiquetas: |
Sin etiquetas, Sé el primero en etiquetar este registro!
|
MARC
| LEADER | 00000nam^a2200000^a^4500 | ||
|---|---|---|---|
| 001 | 000110201 | ||
| 005 | 20250521000000.0 | ||
| 009 | 20260310093747.273 | ||
| 037 | |a Acervo ITESO - Biblioteca | ||
| 041 | |a ESP | ||
| 082 | |a 759. 972 |b MIN | ||
| 245 | 1 | 0 | |a Miniaturas mexicanas / |c Notas de Julio Alejandro. |
| 264 | 4 | |a México : |b Financiera Comermex, |c 1969, c1969 | |
| 300 | |a 1 v. (sin paginación) | ||
| 336 | |a texto |b txt |2 rdacontenido | ||
| 337 | |a sin mediación |b n |2 rdamedio | ||
| 338 | |a volumen |b nc |2 rdasoporte | ||
| 520 | |a Este edición especial de Financiera Comermex incluye algunos de los retratos que se hicieron en México en miniatura. Vienen algunas explicaciones con el objetivo de conocer un poco la historia de esta expresión artística. | ||
| 649 | |a XX | ||
| 650 | |a Miniaturas - |z México - |x Historia | ||
| 650 | |a Retrato (Pintura) - |z México - |x Historia y Crítica | ||
| 650 | |a Pintura Mexicana - |y Siglo XIX | ||
| 650 | |a Arte Mexicano - |y Siglo XIX | ||
| 910 | |a Fondo Salvador Reynoso Reynoso | ||
| 920 | |a Impresos - Libros | ||
| 930 | |a Fondos Especiales | ||
| 905 | |a 112 | ||
| 901 | |a 0800000273 |b IT2 |c ESP |u 20250521 | ||
| 902 | |a https://opac.biblio.iteso.mx/vufind/Record/000110201 | ||